La oferta laboral en la ciudad de La Paz. Un análisis econométrico

সংরক্ষণ করুন:
গ্রন্থ-পঞ্জীর বিবরন
প্রধান লেখক: Terrazas Salinas, Rolando
বিন্যাস: পাঠ‍্য
প্রকাশিত: La Paz: IISEC. Universidad Católica Boliviana
ট্যাগগুলো: ট্যাগ যুক্ত করুন
কোনো ট্যাগ নেই, প্রথমজন হিসাবে ট্যাগ করুন!

MARC

LEADER 00000 a a2200000 04500
001 17181
003
040
090 |a 028000  
100 |a Terrazas Salinas, Rolando  
245 |a La oferta laboral en la ciudad de La Paz. Un análisis econométrico  
260 |a La Paz:   |b IISEC. Universidad Católica Boliviana  
300 |a 99 p.  
999 |c 7850  |d 7850